| 000 | 00518nam a2200205 a 4500 | ||
|---|---|---|---|
| 005 | 20210219153203.0 | ||
| 008 | 991125n 000 0 spa u | ||
| 035 | _aUPN01000083138 | ||
| 100 | 1 |
_aLobrot, Michel, _d1924- |
|
| 222 |
_aROSAS INFANTILES : _bREVISTA PEDAGOGICA INDEPENDIENTE |
||
| 245 | _aLa institución escolar | ||
| 300 | _a20 | ||
| 362 | 0 | _a1972 No. 2, ago. | |
| 653 | 0 | _aALUMNOS | |
| 653 | 0 | _aESCUELA | |
| 653 | 0 | _aMAESTROS | |
| 653 | 0 | _aSOCIEDAD | |
| 904 |
_aAC _b020949 |
||
| 905 | _aArticulo | ||
| 999 |
_c70534 _d70534 |
||